Veterinární porodnictví a gynekologie

Bibliographic Details
Main Author: Kudláč, Eduard, 1928- (Author)
Format: Book
Language:Undetermined
PhysicalDescription:776 s.
Published: Praha SZN 1977

MARC

LEADER 00000nam a2200000 a 4500
001 vtls001344272
003 SK-MaSNL
005 20260301070210.0
008 240318s1977 xx 0 und
035 |a SNK000297466 
040 |a SNK  |b slo  |c SNK  |e AACR2 
100 1 |a Kudláč, Eduard,  |d 1928-  |4 aut  |9 175486 
245 1 0 |a Veterinární porodnictví a gynekologie 
260 |a Praha  |b SZN  |c 1977 
300 |a 776 s. 
958 |a OND 
999 |c 633489  |d 635419 
952 |t P60, <04>, [BOOK], {604}  |a SNK  |b SNK  |y VYP  |7 0  |p 17A0162627  |o snkIC 69329 D1  |0 0  |1 1  |4 0  |d 1998-10-06  |l 0  |r 2005-01-02 00:00:00  |w 2026-02-23